The impacts of agricultural environmental management (Record no. 102922)

MARC details
000 -LEADER
fixed length control field 01064cam a2200253 4500
001 - CONTROL NUMBER
control field J122758
008 - FIXED-LENGTH DATA ELEMENTS--GENERAL INFORMATION
fixed length control field 030626n2003 000 0 eng u
035 ## - SYSTEM CONTROL NUMBER
System control number (Sirsi) u122758
041 ## - LANGUAGE CODE
Language code of text/sound track or separate title ENG
050 ## - LIBRARY OF CONGRESS CALL NUMBER
Classification number 639.9
-- 18
100 ## - MAIN ENTRY--PERSONAL NAME
Personal name Frost, Alan
245 #4 - TITLE STATEMENT
Title The impacts of agricultural environmental management
Remainder of title case studies from theory to practice
260 ## - PUBLICATION, DISTRIBUTION, ETC.
Place of publication, distribution, etc. Stirling
Name of publisher, distributor, etc. SEPA
Date of publication, distribution, etc. 2003
520 ## - SUMMARY, ETC.
Summary, etc. Presents the finding of a study into environmental protection and improvement. The project included a cost benefit analysis and examined how existing payments to farmers can contribute to environmental degradation. View at www.sepa.org.uk.
650 ## - SUBJECT ADDED ENTRY--TOPICAL TERM
Topical term or geographic name entry element AGRICULTURAL LAND MANAGEMENT
650 ## - SUBJECT ADDED ENTRY--TOPICAL TERM
Topical term or geographic name entry element ENVIRONMENTAL MANAGEMENT
650 ## - SUBJECT ADDED ENTRY--TOPICAL TERM
Topical term or geographic name entry element SCOTLAND
690 ## - LOCAL SUBJECT ADDED ENTRY--TOPICAL TERM (OCLC, RLIN)
Topical term or geographic name as entry element Environment
9 (RLIN) 6238
700 ## - ADDED ENTRY--PERSONAL NAME
Personal name Stewart, Sandra
700 ## - ADDED ENTRY--PERSONAL NAME
Personal name Kerr, David
700 ## - ADDED ENTRY--PERSONAL NAME
Personal name MacDonald, Janette
856 ## - ELECTRONIC LOCATION AND ACCESS
Uniform Resource Identifier <a href="https://www.sepa.org.uk/science_and_research/data_and_reports/scientific_and_technical/impactsagrienviromanage.aspx">https://www.sepa.org.uk/science_and_research/data_and_reports/scientific_and_technical/impactsagrienviromanage.aspx</a>
Hours access method available View the report on the SEPA website.
942 ## - ADDED ENTRY ELEMENTS (KOHA)
Suppress in OPAC 0
Holdings
Withdrawn status Lost status Source of classification or shelving scheme Damaged status Not for loan Home library Current library Shelving location Date acquired Total Checkouts Full call number Barcode Date last seen Copy number Price effective from Koha item type
    Dewey Decimal Classification     Virtual Virtual Online 26/06/2003   ONLINE PUBLICATION 122758-1001 06/08/2019 1 06/08/2019 Book